Central Library OPAC University of Rajshahi

The costing of educational plans / (Record no. 46371)

MARC details
000 -LEADER
fixed length control field 00781nam a2200253 a 4500
001 - CONTROL NUMBER
control field 46371
003 - CONTROL NUMBER IDENTIFIER
rucl marc code BD-RjUL
005 - DATE AND TIME OF LATEST TRANSACTION
control field 20211209054137.0
008 - FIXED-LENGTH DATA ELEMENTS--GENERAL INFORMATION
fixed length control field 160801r19691967fr a b 000 0 eng
035 ## - SYSTEM CONTROL NUMBER
System control number (BD-RjUL)46489
040 ## - CATALOGING SOURCE
Original cataloging agency DLC
Transcribing agency DLC
Modifying agency BD-RjUL
Language of cataloging eng
041 ## - LANGUAGE CODE
Language code of text/sound track or separate title eng
082 00 - DEWEY DECIMAL CLASSIFICATION NUMBER
Classification number 379.1
Edition number 23
Author mark and year VAC 1969
100 1# - MAIN ENTRY--PERSONAL NAME
Personal name Vaizey, John,
Dates associated with a name 1929-
9 (RLIN) 141595
245 14 - TITLE STATEMENT
Title The costing of educational plans /
Statement of responsibility, etc. [by] J. Vaizey [and] J. D. Chesswas.
260 ## - PUBLICATION, DISTRIBUTION, ETC. (IMPRINT)
Place of publication, distribution, etc. Paris :
Name of publisher, distributor, etc. Unesco,
Date of publication, distribution, etc. 1967 [reprint 1969]
300 ## - PHYSICAL DESCRIPTION
Pagination 63, [4] p. :
Illustrations ill. ;
Size 22 cm.
350 ## - PRICE (NR) (BK AM CF MU VM SE) [OBSOLETE]
Price 5.50F
504 ## - BIBLIOGRAPHY, ETC. NOTE
Bibliography, etc Bibliography: p. [65]
650 #0 - SUBJECT ADDED ENTRY--TOPICAL TERM
Topical term or geographic name as entry element Education
General subdivision Costs.
9 (RLIN) 141597
700 1# - ADDED ENTRY--PERSONAL NAME
Personal name Chesswas, J. D.,
Relator term joint author.
942 ## - ADDED ENTRY ELEMENTS (KOHA)
Source of classification or shelving scheme Dewey Decimal Classification
Koha item type Books
Holdings
Lost status Source of classification or shelving scheme Damaged status Not for loan Collection code Permanent Location Current Location Shelving location Date acquired Source of acquisition Cost, normal purchase price Total Checkouts Full call number Date last seen Copy number Koha item type
  Dewey Decimal Classification     Non-fiction Central Library, University of Rajshahi Central Library, University of Rajshahi   24/07/1970 Sweets & Zeetlinger 10.00   379.1 VAC 1969 01/08/2016 C-2 Books